Team NBA ayant gagné deux titres ou plus - Mort Subite - Statistiques

Statistiques générales
  • Ce quiz a été pris 324 fois
  • Le résultat moyen est 7 sur 12
Answers on the Grid
Answers color-coded by a green-red scale on the quiz's grid according to % correct below.
 
Statistiques - réponses
Réponse % Correct
7
83%
6
82%
17
82%
18
81%
5
71%
3
67%
2
56%
3
55%
2
47%
2
45%
3
41%
2
23%
Aucun quiz correspondant
Distribution des résultats
% des personnes avec chaque résultat
Percentile par nombre de réponses
Votre historique - résultats
Vous n’avez pas pris ce quiz